00400 2200157 4500001002100000005001500021035002000036082000800056084001400064100002100078245007500099250000600174260003900180300001100219990001200230INLIS00000000000242720250604100635 a0010-0625000013 a600 a600 A.P v0 aA.P. Bangun, MHA1 aVegetarian Pola Hidup Sehat Berpantang Daging /cDrs. A.P. Bangun, MHA a1 aJakarta :bGramedia Pustaka,c2003 a59 hlm a0712283